000 00411nam a22001697a 4500
003 LK-CoDNM
005 20240807103259.0
008 240807b |||||||| |||| 00| 0 eng d
040 _aLK-CoDNM
_dLK-CoDNM
_eLK-CoDNM
041 _aeng
080 _a16
_bP19
100 _aHenry,Barneby,W
245 _aThe New Ear West
260 _aEdward Stanford
_bLondon
_c1889
300 _ax, 312p ; 23 cm
942 M _cBK
999 _c146694
_d146694